=LDR 00000nam 2200000 4500 =001 INLIS000000000058346 =005 20210914105404 =035 ##$$a 0010-0921000150 =007 ta =008 210914################g##########0#ind## =082 ##$$a 658.009 598 =084 ##$$a 658.009 598 PID m =100 #$$a Pidarta, Made =245 1#$$a Manajemen pendidikan Indonesia /$c Dr. Made Pidarta =260 ##$$a Jakarta :$b Bina Aksara,$c 1988 =300 ##$$a ix,266 hlm. ; $c 14x21 cm. =504 ##$$a Bibliografi : hlm. 265 - 266 =600 #4$$a Manajemen Pendidikan =990 ##$$a 09540954 =990 ##$$a 66.986 Pro.94-95